01004nam a22002177a 4500999001700000003000900017008004100026040007100067082002400138100001800162245005100180260007100231300006200302505020900364650002100573650003200594650002000626942001600646945002000662952010400682 c11978d11978AR-CdUCM190405b ||||| |||| 00| 0 spa d aMUNICIPALIDAD PROVINCIAL DEL CUSCOcBIBLIOTECA MUNICIPAL DEL CUSCO a377.1 /bH75 / 1929 aHopkins, Jess aReglamentos oficiales de juegos atléticos /  b(Tall.) Gráficos de la colonia hogar "Ricardo Gutirrez", c1929. aXIII, 502 páginas ;c18 cm.bFiguras, tablas, retratos, aContenido : Una explicación necesaria -- Figuras eminentes en educación física en los países latinoamericanos -- Introducción a la segunda edición -- Estudios sobre la educación moderna ...  aEstudios 919800 aEducación física913743 aModerna 919323 2ddccLIBROS arahd05/04/2019 002ddc4070aSCAbSCAcCARTd2019-04-05g30.00o377.1 / H75 / 1929pSCA0001811r2019-04-05yLIBROS